Eudes (Record no. 154020)

MARC details
000 -LEADER
campo de control de longitud fija 00920nam a2200217 i 4500
001 - NÚMERO DE CONTROL
campo de control 154020
003 - IDENTIFICADOR DE NÚMERO DE CONTROL
campo de control ES-MaACL
005 - FECHA Y HORA DE LA ÚLTIMA TRANSACCIÓN
campo de control 20250726075510.0
008 - DATOS DE LONGITUD FIJA--INFORMACIÓN GENERAL
campo de control de longitud fija 051018s1893 fr | |||||||| ||fre d
040 ## - FUENTE DE CATALOGACIÓN
Centro catalogador/agencia de origen CAM
Lengua de catalogación spa
Centro/agencia transcriptor CAM
100 1# - ENTRADA PRINCIPAL--NOMBRE DE PERSONA
Nombre de persona Favre, Edouard.
9 (RLIN) 127022
245 10 - MENCIÓN DEL TÍTULO
Título Eudes
Resto del título : comte de Paris et roi de France (882-889) /
Mención de responsabilidad, etc. par Edouard Favre.
260 ## - PUBLICACIÓN, DISTRIBUCIÓN, ETC.
Lugar de publicación, distribución, etc. Paris :
Nombre del editor, distribuidor, etc. Emile Bouillon éditeur,
Fecha de publicación, distribución, etc. 1893 (
Lugar de fabricación/manufactura Rennes :
Fabricante Imp. A. le Roy)
300 ## - DESCRIPCIÓN FÍSICA
Extensión XXV, 284 p. ;
Dimensiones 24 cm.
490 1# - MENCIÓN DE SERIE
Mención de serie Bibliothèque de l'Ecole des Hautes Etudes. Sciences Philologiques et Historiques ;
Designación de volumen o secuencia 1893
594 ## - Nota al título y mención de responsabilidad
Nota al título y mención de responsabilidad Precede al tit.: Annales de l'Histoire de France a l'époque carolingienne.
600 14 - PUNTO DE ACCESO ADICIONAL DE MATERIA--NOMBRE DE PERSONA
Nombre de persona Eudes
Títulos y otros términos asociados al nombre Rey de Francia.
9 (RLIN) 126982
830 00 - PUNTO DE ACCESO ADICIONAL DE SERIE-TÍTULO UNIFORME
Título uniforme Bibliothèque de l'École des Hautes Études. Sciences historiques et philologiques
Designación de volumen o secuencia 1893
9 (RLIN) 229685
852 ## - LOCALIZACIÓN
Ubicación ES-MaACL
Número de control de estantería C-7620
Nota libre -- Enc. hol.
Holdings
Estatus retirado Estado de pérdida Estado de daño No para préstamo Colección Biblioteca de origen Biblioteca actual Ubicación en estantería Fecha de adquisición Fuente de adquisición Total de préstamos Signatura topográfica completa Código de barras Visto por última vez Precio de reemplazo Tipo de ítem Koha
        Libros del s. XIX Biblioteca del Ateneo de Madrid Biblioteca del Ateneo de Madrid Sala Palomar 17/01/2008     C-7620 1161042 23/02/2023 23/02/2023 Libro impreso antiguo